| 000 | 00532cam a22002171 4500 | ||
|---|---|---|---|
| 001 | sa 67007738 | ||
| 003 | DLC | ||
| 005 | 20260227112418.0 | ||
| 008 | 810815m19519999xx ac 000 0 kan | ||
| 010 | _asa 67007738 | ||
| 035 | _a(OCoLC)14646937 | ||
| 040 |
_aDLC _cDNLM _dDLC |
||
| 042 | _apremarc | ||
| 050 | 0 | 0 |
_aR606 _b.J3 |
| 060 | 0 |
_aWB 50 _bJI4 J4v |
|
| 100 | 1 |
_aJayade, Pandurang Vishnu, _d1914- |
|
| 245 | 1 | 0 | _aVaidya Sanmitra. |
| 260 | _c1951- [v. 1, 1964] | ||
| 300 |
_av. _bill., ports. |
||
| 500 | _aIn Kannada. | ||
| 999 |
_c76760 _d76760 |
||